书目信息 |
| 题名: |
建筑工程测量
|
|
| 作者: | 李涛会 , 柏双友 主编 | |
| 分册: | ||
| 出版信息: | 苏州 苏州大学出版社 2020.12 |
|
| 页数: | 228页 | |
| 开本: | 26cm | |
| 丛书名: | ||
| 单 册: | ||
| 中图分类: | TU198 | |
| 科图分类: | ||
| 主题词: | 建筑测量--jian zhu ce liang--高等职业教育--教材 | |
| 电子资源: | ||
| ISBN: | 978-7-5672-3411-6 | |
| 000 | 01008nam0 2200265 450 | |
| 001 | CAL 0120217128127 | |
| 005 | 20210401143735.9 | |
| 010 | @a978-7-5672-3411-6@dCNY27.00 | |
| 100 | @a20210331d2020 em y0chiy0120 ea | |
| 101 | 0 | @achi |
| 102 | @aCN@b320000 | |
| 105 | @ay z 000yy | |
| 106 | @ar | |
| 200 | 1 | @a建筑工程测量@Ajian zhu gong cheng ce liang@f主编李涛会, 柏双友 |
| 210 | @a苏州@c苏州大学出版社@d2020.12 | |
| 215 | @a228页@d26cm@e实训指导书1册 (67页) | |
| 330 | @a本书分为14部分, 包括绪论、水准测量、角度测量、距离测量和直线定向、测量误差基本知识、控制测量、地形图的测绘、地形图的应用、施工测量的基本知识、渠道测量、道路工程测量、建筑施工测量、建筑物沉降与变形观测和卫星定位技术。 | |
| 333 | @a高职高专“十三五”规划教材 | |
| 606 | 0 | @a建筑测量@Ajian zhu ce liang@x高等职业教育@j教材 |
| 690 | @aTU198@v5 | |
| 701 | 0 | @a李涛会@Ali tao hui@4主编 |
| 701 | 0 | @a柏双友@Abai shuang you@4主编 |
| 801 | 0 | @aCN@b人天书店@c20210331 |
| 803 | @a高职 | |
| 905 | @aTSG@b0000771@dTU198@eL272@f2 | |
| 建筑工程测量/主编李涛会, 柏双友.-苏州:苏州大学出版社,2020.12 |
| 228页;26cm+实训指导书1册 (67页) |
| 使用对象:高职高专“十三五”规划教材 |
| ISBN 978-7-5672-3411-6:CNY27.00 |
| 本书分为14部分, 包括绪论、水准测量、角度测量、距离测量和直线定向、测量误差基本知识、控制测量、地形图的测绘、地形图的应用、施工测量的基本知识、渠道测量、道路工程测量、建筑施工测量、建筑物沉降与变形观测和卫星定位技术。 |
| ● |
| 相关链接 |
|
|
|
正题名:建筑工程测量
索取号:TU198/L272
 
预约/预借
| 序号 | 登录号 | 条形码 | 馆藏地/架位号 | 状态 | 备注 |
| 1 | 1535559 | 215355595 | 建筑库101/101建筑库 28排2列3层/ [索取号:TU198/L272] | 在馆 | |
| 2 | 1535560 | 215355602 | 建筑库101/101建筑库 28排2列3层/ [索取号:TU198/L272] | 在馆 |